banner-ar

ما وراء السلام / (Record no. 66267)

MARC details
000 -الفاتح
حقل البيانات ثابتة الطول 01001nam a22002537a 4500
005 - وقت وتاريخ اخر تعامل مع التسجيلة
رقم الضبط 20240530110909.0
008 - عناصر البيانات ثابتة الطول - معلومات عامة
حقل البيانات ثابتة الطول 220214s1995 ua g 000 0 ara d
017 ## - رقم الايداع القانونى
المصدر ( الهيئة المختصة) مصر. دار الكتب
040 ## - مصدر الفهرسة
وكالة الفهرسة الأصلية EG-CaGPL
وكالة النسخ EG-CaGPL
082 04 - رقم تصنيف ديوى العشرى
رقم الطبعة 21
رقم التصنيف 327.112 /
رقم المادة ن م
100 1# - المدخل الرئيسى - إسم شخصى
الإسم الشخصى نيكسون ، ريتشارد
245 10 - بيان العنوان
العنوان ما وراء السلام /
بيان المسئوليه,etc نيكسون ، ريتشارد ؛ ترجمة مالك عباس
250 ## - بيان الطبعة
بيان الطبعة ط. 1
260 ## - PUBLICATION, DISTRIBUTION, ETC. (IMPRINT)
تاريخ النشر أو التوزيع 1995
300 ## - الوصف المادى
التعداد 271 ص. ؛
أبعاد الوعاء 24 سم
650 07 - المدخل الاضافى بالموضوع-مصطلح موضوعى
مصدر الرأس أو المصطلح qrmak
مصطلح موضوعي الولايات المتحدة الامريكية
651 07 - المدخل الاضافى بالموضوع - اسم جغرافى
مصدر الرأس أو المصطلح qrmak
الاسم الجغرافي اسيا
التقسيم الفرعي العام السياسة الخارجية
651 07 - المدخل الاضافى بالموضوع - اسم جغرافى
الاسم الجغرافي الصين
التقسيم الفرعي العام السياسة الخارجية
651 07 - المدخل الاضافى بالموضوع - اسم جغرافى
الاسم الجغرافي روسيا
التقسيم الفرعي العام السياسة الخارجية
653 ## - مصطلح تكشيفى غير مقيد
مصطلح غير مقيد القرن الامريكى الجديد
700 0# - المدخل الاضافى - اسم شخصى
الإسم الشخصى مالك عباس
الدور مترجم
942 ## - عناصر المدخل الإضافي( كوها)
مصدر التصنيف او مخطط الترفيف Dewey Decimal Classification
Koha [default] item type كتاب
260 ## - PUBLICATION, DISTRIBUTION, ETC. (IMPRINT)
-- القاهرة :
-- الاهلية للنشر والتوزيع ؛
Holdings
حالة التراجع حالة الفقد حالة تلف ليس للاعارة المكان المؤقت الموقع الحالى موقع الترفيف تاريخ الاكتساب اجمالي اﻻعارات رقم الطلب الباركود تاريخ اخر مشاهدة تاريخ تفعيل السعر نوع وعاء كوها
        مكتبة القاهرة الكبرى مكتبة القاهرة الكبرى ق الرئيسية_العلوم الاجتماعية_ك عربى 03/06/2022   327.112 / ن م 167560 03/06/2022 03/06/2022 كتاب

Powered By

EGPV